Arte en seda (Record no. 18776)

MARC details
000 -LEADER
campo de control de longitud fija 00727nam a2200193 i 4500
001 - NÚMERO DE CONTROL
campo de control 18776
003 - IDENTIFICADOR DE NÚMERO DE CONTROL
campo de control ES-MaACL
005 - FECHA Y HORA DE LA ÚLTIMA TRANSACCIÓN
campo de control 20230906151924.0
007 - CAMPO FIJO DE DESCRIPCIÓN FÍSICA--INFORMACIÓN GENERAL
campo de control de longitud fija t|
008 - DATOS DE LONGITUD FIJA--INFORMACIÓN GENERAL
campo de control de longitud fija 020313s2001 sp ||||1| spa d
020 ## - NÚMERO INTERNACIONAL ESTÁNDAR DEL LIBRO
Número Internacional Estándar del Libro 84-89913-34-X
080 ## - NÚMERO DE LA CLASIFICACIÓN DECIMAL UNIVERSAL
Número de la Clasificación Decimal Universal 677.37(460.33 Lorca)(064.3)
245 00 - MENCIÓN DEL TÍTULO
Título Arte en seda
Resto del título : la tradición del bordado lorquino : Sala de Exposiciones de la Fundación Santander Central Hispano, del 11 de diciembre de 2001 al 24 de febrero de 2002.
260 ## - PUBLICACIÓN, DISTRIBUCIÓN, ETC.
Lugar de publicación, distribución, etc. Madrid :
Nombre del editor, distribuidor, etc. Fundación Santander Central Hispano,
Fecha de publicación, distribución, etc. [2001]
300 ## - DESCRIPCIÓN FÍSICA
Extensión 191 p. :
Otras características físicas il. ;
Dimensiones 30 cm.
650 14 - PUNTO DE ACCESO ADICIONAL DE MATERIA--TÉRMINO DE MATERIA
Término de materia o nombre geográfico como elemento de entrada Seda-
Subdivisión geográfica Lorca-
Subdivisión de forma Exposiciones.
9 (RLIN) 17008
710 2# - ENTRADA AGREGADA--NOMBRE DE ENTIDAD CORPORATIVA
Nombre de entidad corporativa o nombre de jurisdicción como elemento de entrada Fundación Santander Central Hispano.
9 (RLIN) 4415
852 ## - LOCALIZACIÓN
Ubicación ES-MaACL
Número de control de estantería L-25266
Sublocalización o colección R.131160
Holdings
Estatus retirado Estado de pérdida Estado de daño No para préstamo Biblioteca de origen Biblioteca actual Ubicación en estantería Fecha de adquisición Fuente de adquisición Total de préstamos Signatura topográfica completa Código de barras Visto por última vez Precio de reemplazo Tipo de ítem Koha
        Biblioteca del Ateneo de Madrid Biblioteca del Ateneo de Madrid Depósito 2 17/01/2008     L-25266 1019213 23/02/2023 23/02/2023 Libro impreso